000 00392nab a2200145Ia 4500
003 ES-SlBCS
005 20210601131729.0
008 140529s1952 xxu||||| |||| 00| 0 fre d
041 _afre
100 1 _aRollet, Henri
_939740
245 0 0 _aMgr. Feltin et la paix
_c Henri Rollet
650 0 4 _aPaz
_938447
773 0 _tVie Intelectuelle (La)
_gnº. 3, 1952, págs. 68-72
_wRev907
942 _cAR
999 _c567785
_d567785